书目信息 |
| 书名: | Christmas cats | |
| 作者: | Shirley Rousseau Murphy | |
| 分册号: | ||
| 分册名: | 出版地: | New York |
|
| 出版社: | Chamberlain Bros | |
| 出版时间: | 2005 | |
| 页数: | 246p | |
| 开本: | 20cm | |
| 丛书名: | ||
| 中图分类号: | ||
| 科图分类号: | ||
| 其他分类号: | I712.4 | |
| 主题词: | ||
| 电子资源: | ||
| 000 | 00395nam0 2200145 450 | |
| 001 | 202012199745 | |
| 005 | 20121204085601.0 | |
| 008 | 20010101s | |
| 020 | @a978-1-5960-9155-9@c$9.95 | |
| 099 | @dI712.4@eS5584 | |
| 245 | 10 | @aChristmas cats@cShirley Rousseau Murphy |
| 260 | 0 | @aNew York@bChamberlain Bros@c2005 |
| 300 | @a246p@c20cm | |
| 905 | @b14618 | |
| 905 | @aTSG@dI712.4@eS5584 | |
| Christmas cats / Shirley Rousseau Murphy.-New York : Chamberlain Bros , 2005 |
| 246p ; 20cm |
| ISBN 978-1-5960-9155-9$9.95 |
| ● |
| 相关链接 |
|
|
|
正题名:Christmas cats
索取号:I712.4/S5584
 
预约/预借
| 序号 | 登录号 | 条形码 | 馆藏地/架位号 | 状态 | 备注 |
| 1 | 14618 | 300146189 | 文学库116/400A自科库 19排3列5层/ [索取号:I712.4/S5584] | 在馆 |